Odyssey of living (Record no. 740)

MARC details
000 -LEADER
fixed length control field 00694 a2200205 4500
008 - FIXED-LENGTH DATA ELEMENTS--GENERAL INFORMATION
fixed length control field 080820t xxu||||| |||| 00| 0 eng d
010 ## - LIBRARY OF CONGRESS CONTROL NUMBER
LC control number ENG-84914
020 ## - INTERNATIONAL STANDARD BOOK NUMBER
International Standard Book Number 8122504191
Terms of availability 400.00
035 ## - SYSTEM CONTROL NUMBER
System control number EN-68447
037 ## - SOURCE OF ACQUISITION
Source of stock number/acquisition D.B.Act / Pub
082 ## - DEWEY DECIMAL CLASSIFICATION NUMBER
Classification number 881
100 ## - MAIN ENTRY--PERSONAL NAME
Personal name Khanna, Linda
245 ## - TITLE STATEMENT
Title Odyssey of living
Statement of responsibility, etc by Linda Khanna
260 ## - PUBLICATION, DISTRIBUTION, ETC. (IMPRINT)
Place of publication, distribution, etc New Delhi
Name of publisher, distributor, etc Kitab Mahal
Date of publication, distribution, etc 2006
270 ## - ADDRESS
Address 28,Netaji Subhash Marg
City Delhi
State or province New Delhi
Postal code 110002
Telephone number 23273230
300 ## - PHYSICAL DESCRIPTION
Extent xii, 176 p
Dimensions 22 cm (Hb)
650 ## - SUBJECT ADDED ENTRY--TOPICAL TERM
Topical term or geographic name as entry element Poetry
942 ## - ADDED ENTRY ELEMENTS (KOHA)
Institution code [OBSOLETE] dpl
Koha item type English Books
Call number prefix 881 / KHA
Source of classification or shelving scheme Dewey Decimal Classification
Classification part 881
Call number suffix KHA
Holdings
Withdrawn status Lost status Damaged status Not for loan Home library Current library Date acquired Cost, normal purchase price Total Checkouts Full call number Barcode Date last seen Copy number Uniform Resource Identifier Cost, replacement price Price effective from Koha item type
        D.B.Act.Division D.B.Act.Division 20/08/2008 400.00   881 KHA EN-68447 15/09/2008 1 721 400.00 15/09/2008 English Books

© Delhi Public Library
Hit Counter
free hit counter